000 00275nam a2200121Ia 4500
008 190216s9999||||xx |||||||||||||| ||und||
100 _aSubhash Mehta
245 0 _aEasy Computers
260 _bS Chand & Co
_c1989
300 _a196p
650 _aComputer Science
942 _cBK
999 _c8367
_d8367